Southville International School and Colleges
Your cart is empty.
  • Cart
  • Lists
    Public lists Eva Luna New books Lux_list list_1
    Your lists Log in to create your own lists
  • Log in to your account
  • Your cookies
  • Search history
Southville International School and Colleges
  • Advanced search
  • Recent comments
  • Most popular
  • Libraries

Log in to your account

Log in with GOOGLE


If you do not have an external account, but do have a local account, you can still log in:

  1. Home
  2. MARC view: Beauty and the beast /
Normal view MARC view ISBD view

Beauty and the beast / (Record no. 114242)

[ view plain ]
MARC details
000 -LEADER
fixed length control field 00565nam a2200205 a 4500
001 - CONTROL NUMBER
control field 1986
005 - DATE AND TIME OF LATEST TRANSACTION
control field 20140414132053.0
008 - FIXED-LENGTH DATA ELEMENTS--GENERAL INFORMATION
fixed length control field 040111s19uu xx 00 eng d
020 ## - INTERNATIONAL STANDARD BOOK NUMBER
International Standard Book Number 081675277
050 ## - LIBRARY OF CONGRESS CALL NUMBER
Classification number ER
Item number B371 2002
245 ## - TITLE STATEMENT
Title Beauty and the beast /
Statement of responsibility, etc Illustrations by Zapp.
250 ## - EDITION STATEMENT
Edition statement new ed.
260 ## - PUBLICATION, DISTRIBUTION, ETC. (IMPRINT)
Place of publication, distribution, etc U.S.A :
Name of publisher, distributor, etc Troll Communications,
Date of publication, distribution, etc 2002.
300 ## - PHYSICAL DESCRIPTION
Extent 28 p. : ill. ; cm.
440 ## - SERIES STATEMENT/ADDED ENTRY--TITLE
Title Storytime Classics Collection
650 ## - SUBJECT ADDED ENTRY--TOPICAL TERM
Topical term or geographic name as entry element Fairy tales.
650 ## - SUBJECT ADDED ENTRY--TOPICAL TERM
Topical term or geographic name as entry element Folklore-France.
700 ## - ADDED ENTRY--PERSONAL NAME
Personal name Karen Milone (illustrated by)
Holdings
Withdrawn status Lost status Damaged status Home library Current library Shelving location Date acquired Source of acquisition Total Checkouts Full call number Barcode Date last seen Price effective from Koha item type
      Munich Library Munich Library Easy Reading Section 10/29/2012     ER B371 2002 M6003 04/14/2014 04/14/2014 Books

Beauty and the beast /

APA

Karen Milone (illustrated by), . (2002). Beauty and the beast. U.S.A: Troll Communications.

Chicago

Karen Milone (illustrated by), . 2002. Beauty and the beast. U.S.A: Troll Communications.

Harvard

Karen Milone (illustrated by), . (2002). Beauty and the beast. U.S.A: Troll Communications.

MLA

Karen Milone (illustrated by), . Beauty and the beast. U.S.A: Troll Communications. 2002.

  • Place hold
  • Print
  • Cite
  • Add to your cart (remove)
  • Save record
    BIBTEX Dublin Core MARCXML MARC (non-Unicode/MARC-8) MARC (Unicode/UTF-8) MARC (Unicode/UTF-8, Standard) MODS (XML) RIS
  • More searches
    Search for this title in:
    Other Libraries (WorldCat) Other Databases (Google Scholar) Online Stores (Bookfinder.com) Open Library (openlibrary.org)

Exporting to Dublin Core...

SOUTHVILLE LIBRARY

Southville International School and Colleges Library

1281 Tropical Ave. Cor. Luxembourg St., BF Homes International, Las Pinas City

Tel. No. 8256374 / 252358 Loc. 117/146

Powered by Koha